Making a choice of business strategy in international context diplomová práca

Saved in:
Bibliographic Details
Main Author: Raha, Aveed
Corporate Author: Ekonomická univerzita v Bratislave. Ústav medzinárodných programov
Other Authors: Slávik, Štefan, 1955-
Format: Book
Language:English
Published: Bratislava 2013
Tags: Add Tag
No Tags, Be the first to tag this record!

MARC

LEADER 00000nbm a2200000 4500
001 0176379
005 20170314102443.0
041 0 |a eng 
044 |a SK 
245 1 0 |a Making a choice of business strategy in international context  |b diplomová práca  |c Aveed Raha ; školiteľ: Štefan Slávik 
264 1 |a Bratislava  |c 2013 
300 |a 89 s. 
100 1 |a Raha, Aveed 
700 1 |a Slávik, Štefan, 1955- 
710 2 |a Ekonomická univerzita v Bratislave. Ústav medzinárodných programov